Principios de electrónica

Saved in:
Bibliografiske detaljer
Hovedforfatter: Malvino, Albert Paul (autor)
Format: Bog
Sprog:spansk
Udgivet: Madrid McGraw-Hill 1994
Udgivelse:5a. ed
Fag:
Tags: Tilføj Tag
Ingen Tags, Vær først til at tagge denne postø!

MARC

LEADER 00000nam a2200000 a 4500
001 UCZ8961
003 CL-VaPUC
008 960126e19940000SP |||||||||||||||||spa|d
082 0 4 |a 621.381  |b MAL  |2 21 
100 |a Malvino, Albert Paul  |e autor  |9 523512 
245 1 0 |a Principios de electrónica 
250 |a 5a. ed 
300 |a 1048 p 
942 |c BK 
945 |d 19960126 00:00:00  |a rleighto 
260 |a Madrid  |b McGraw-Hill  |c 1994 
650 0 |a Electrónica   |9 263192 
650 0 |a Semiconductores  |9 260250 
650 7 |a CONDUCTORES  |2 CL-VaPUC  |9 327717 
650 0 |a Diodos  |9 260678 
650 0 |a Circuitos  |9 263339 
650 0 |a Transistores  |9 260330 
650 0 |a Amplificadores   |9 338119 
583 |a last modification  |c 20160104 00:44:34  |k Rodrigo Vera 
999 |c 244631  |d 244629 
952 |0 0  |1 0  |4 0  |6 621_381000000000000_MAL_1994  |7 0  |8 A  |9 258762  |a BIBING  |b BIBING  |d 2019-11-19  |i 3285634  |o 621.381 MAL 1994  |p 3285634  |r 2025-01-20  |w 2019-11-19  |y BK  |k EIE 
952 |0 0  |1 0  |4 0  |6 621_381000000000000_MAL_1994  |7 0  |8 A  |9 258770  |a BIBING  |b BIBING  |d 2019-11-19  |i 3588858  |o 621.381 MAL 1994  |p 3588858  |r 2025-01-20  |w 2019-11-19  |y BK  |k EIE 
952 |0 0  |1 0  |4 0  |6 621_381000000000000_MAL_1994  |7 0  |8 A  |9 258771  |a BIBING  |b BIBING  |d 2019-11-19  |i 3588866  |o 621.381 MAL 1994  |p 3588866  |r 2025-01-20  |w 2019-11-19  |y BK  |k EIE